Spravodaj Týždeň Severoslovenské celulózky a papierne, n.p., Ružomberok

Bibliographic Details
New Title:SCP aktuality
Previous Title:Týždeň
Format: Journal
Language:Slovak
PhysicalDescription:6 zv. 41 cm
Published: Ružomberok Severoslovenské celulózky a papierne 1987-1992
Subjects:

MARC

LEADER 00000cas a2200000 a 4500
001 vtls001272338
003 SK-MaSNL
005 20260228163654.0
008 151120d19871992xo r|p 0 0b0slo
035 |a SNK000223476 
040 |a SNK  |b slo  |c SNK  |e AACR2 
041 0 |a slo 
043 |a e-xo--- 
044 |a xo  |c SK 
072 7 |a 676  |x Papierenský priemysel  |2 konspekt 
080 |a 050  |2 2001 
080 |a (437.6)  |2 2001 
080 |a 676.2  |2 2001 
080 |a 676.1  |2 2001 
245 0 0 |a Spravodaj Týždeň  |b Severoslovenské celulózky a papierne, n.p., Ružomberok 
260 |a Ružomberok  |b Severoslovenské celulózky a papierne  |c 1987-1992 
300 |a 6 zv.  |c 41 cm 
310 |a Nepravidelne 
362 0 |a Č. 1 (1987)-č. 9 (1992) 
500 |a Tlač. Tlačiarne SNP n.p. Martin, závod 3 Ružomberok, od č. 1/1991 Tlačiareň LEV, št. podnik Ružomberok 
500 |a Registr. číslo - Kult. 658/1987 
500 |a Redaktori sa menia 
500 |a Regist. číslo - Kult. 3/91 
500 |a Nadviazal na prílohu časopisu Slovcepa: Týždeň ; od č. 10/1992 pokračuje ako: SCP aktuality 
610 2 7 |a Severoslovenské celulózky a papierne (Ružomberok, Slovensko)  |2 SNKKA  |9 32516 
650 0 7 |a celulóza  |2 SNKPH  |9 16027 
650 0 7 |a papierenský priemysel  |2 SNKPH  |9 58727 
650 0 7 |a papier  |2 SNKPH  |9 19457 
655 7 |a podnikové periodiká  |2 SNKPH  |9 132333 
780 0 0 |t Týždeň  |w vtls001222887 
785 0 0 |t SCP aktuality  |w vtls008882779 
910 |a snk 
916 |a 1987-1992 
958 |a OND 
999 |c 10176  |d 12106 
952 |0 0  |1 0  |3 reakatalogizácia  |4 0  |7 0  |a SNK  |b SNK  |d 2008-01-10  |i snkČSP 1815/1992  |l 0  |o snkČSA 1047/A/1991 D1  |p 17A0572336  |r 2026-02-21 20:21:36  |t č. 1-20, úplný  |w 2026-02-21  |y PREZ 
952 |0 0  |1 0  |3 rekatalogizácia  |4 0  |7 0  |a SNK  |b SNK  |d 2008-01-10  |i snkČSP 5446/93  |l 0  |o snkČSA 1047/A/1992 D1  |p 17A0572335  |r 2026-02-21 20:21:36  |t č. 1-21, úplný  |w 2026-02-21  |y PREZ 
952 |0 0  |1 0  |4 0  |7 0  |a SNK  |b SNK  |d 2015-05-15  |f 1  |i snkČSP 1814/92  |l 0  |o snkČSA 1047/A/1991  |p 17A0819089  |r 2026-02-21 21:34:05  |t č. 1-20, +mim.č.  |w 2026-02-21  |y PREZ  |z Mimoriadne vydanie Spravodaj Týždeň 
952 |0 0  |1 0  |4 0  |7 0  |a SNK  |b SNK  |d 2002-01-16  |f 1  |i snkČSP 5445/93  |l 0  |o snkČSA 1047/A/1992/1  |p 17A0322422  |r 2005-01-01 00:00:00  |t č. 1-9  |w 2026-02-21  |y PREZ  |z Od č. 10 pokračuje ako: SCP aktuality 
952 |0 0  |1 0  |4 0  |7 0  |a SNK  |b SNK  |d 1997-01-17  |f 1  |i snkČSP 4360/91  |l 0  |o snkČSA 1047/A/1990  |p 17A0030617  |r 2005-01-01 00:00:00  |t č. 1-24  |w 2026-02-21  |y PREZ 
952 |0 0  |1 0  |4 0  |7 0  |a SNK  |b SNK  |d 2002-01-16  |f 1  |i snkČSP 5099/88  |l 0  |o snkČSA 1047/A/1987/1  |p 17A0322508  |r 2005-01-01 00:00:00  |t č. 1-9  |w 2026-02-21  |y PREZ 
952 |0 0  |1 0  |4 0  |7 0  |a SNK  |b SNK  |d 2002-01-16  |i snkČSP 5100/88  |l 0  |o snkČSA 1047/A/1987/1 D1  |p 17A0322515  |r 2005-01-01 00:00:00  |w 2026-02-21  |y PREZ 
952 |0 0  |1 0  |4 0  |7 0  |a SNK  |b SNK  |d 2002-01-16  |f 1  |i snkČSP 368/89  |l 0  |o snkČSA 1047/A/1988  |p 17A0322425  |r 2005-01-01 00:00:00  |t č. 1-22  |w 2026-02-21  |y PREZ 
952 |0 0  |1 0  |4 0  |7 0  |a SNK  |b SNK  |d 2002-01-16  |i snkČSP 966/90  |l 0  |o snkČSA 1047/A/1989 D1  |p 17A0322423  |r 2005-01-01 00:00:00  |w 2026-02-21  |y PREZ